M. Pokora Albums (2026) - Statistiques

Statistiques générales
  • Ce quiz a été pris 7 fois
  • Le résultat moyen est 5 sur 10
Statistiques - réponses
Hint Réponse % Correct
6 R.E.D
100%
10 Adrénaline
80%
9 Epicentre
60%
7 My way
60%
5 A la poursuite du bonheur
40%
8 Pyramide
40%
4 Mise à jour
20%
3 MP3
20%
1 M.Pokora
20%
2 Player
20%
Aucun quiz correspondant
Distribution des résultats
% des personnes avec chaque résultat
Percentile par nombre de réponses
Votre historique - résultats
Vous n’avez pas pris ce quiz